ত্রিপিটক উপন্যাস / (Record no. 14000)
[ view plain ]
| 000 -LEADER | |
|---|---|
| fixed length control field | 00773nam a2200241 4500 |
| 001 - CONTROL NUMBER | |
| JCCL Control Number | 14000 |
| 003 - CONTROL NUMBER IDENTIFIER | |
| JCCL marc code | BD-JhCC |
| 005 - DATE AND TIME OF LATEST TRANSACTION | |
| control field | 20240522180925.0 |
| 008 - FIXED-LENGTH DATA ELEMENTS--GENERAL INFORMATION | |
| fixed length control field | 171003s2006 ben |||| ||a| 000 0 ben d |
| 020 ## - INTERNATIONAL STANDARD BOOK NUMBER | |
| International Standard Book Number | 9844151929 |
| 035 ## - SYSTEM CONTROL NUMBER | |
| system control number | (BD-JhCC)14000 |
| 040 ## - CATALOGING SOURCE | |
| Original cataloging agency | BD-JhCC |
| Modifying agency | BD-JhCC |
| 041 ## - LANGUAGE CODE | |
| Language code of Book | ben |
| 082 ## - DEWEY DECIMAL CLASSIFICATION NUMBER | |
| Classification number | 891.443 |
| Author mark and Year | GOR 2006 |
| 100 ## - MAIN ENTRY--PERSONAL NAME | |
| Personal name | গোর্কি, মাক্সিম্ |
| 245 ## - TITLE STATEMENT | |
| Title | ত্রিপিটক উপন্যাস / |
| Statement of responsibility, etc | মাক্সিম্ গোর্কি, সম্পা: হায়াৎ মামুদ |
| 260 ## - PUBLICATION, DISTRIBUTION, ETC. (IMPRINT) | |
| Place of publication, distribution, etc | ঢাকা: |
| Name of publisher, distributor, etc | অবসর; |
| Date of publication, distribution, etc | 2006. |
| 300 ## - PHYSICAL DESCRIPTION | |
| Pagination | 651 p. : |
| Dimensions | 21 cm. |
| 650 ## - SUBJECT ADDED ENTRY--TOPICAL TERM | |
| Topical term or geographic name as entry element | Bengle Novel |
| 651 ## - SUBJECT ADDED ENTRY--GEOGRAPHIC NAME | |
| Geographic name | উপন্যাস |
| 700 ## - ADDED ENTRY--PERSONAL NAME | |
| Personal name | মামুদ, হায়াৎ |
| 942 ## - ADDED ENTRY ELEMENTS (KOHA) | |
| Source of classification or shelving scheme | Dewey Decimal Classification |
| Koha item type | Books |
| Source of classification or shelving scheme | Damaged status | Not for loan | Home library | Current library | Shelving location | Date of accession | Cost, normal purchase price | Total Checkouts | Full call number | Barcode | Date last seen | Copy number | Method of acquisition | Koha item type | Currency |
|---|---|---|---|---|---|---|---|---|---|---|---|---|---|---|---|
| Dewey Decimal Classification | JCC Rouf Library | JCC Rouf Library | General Stacks | 375.00 | 891.443 GOR 2006 | 19463 | 05/22/2024 | C-1 | Purchase | Books | BDT |